Del discurso colonial al proindigenismo: ensayos de historia latinoamericana

Tallennettuna:
Bibliografiset tiedot
Päätekijä: Pinto Rodríguez, Jorge (Tekijä)
Aineistotyyppi: Kirja
Kieli:espanja
Julkaistu: Temuco Universidad de La Frontera 1998
Aiheet:
Tagit: Lisää tagi
Ei tageja, Lisää ensimmäinen tagi!

MARC

LEADER 00000nam a2200000 a 4500
001 UCO4019
003 CL-VaPUC
008 000728e19980000CL |||||||||||||||||spa|d
082 0 4 |a 980.004  |b PIN  |2 21 
100 0 |a Pinto Rodríguez, Jorge  |e author  |9 448105 
245 1 0 |a Del discurso colonial al proindigenismo: ensayos de historia latinoamericana 
300 |a 150 p 
942 |c BK 
945 |d 20000728 00:00:00  |a crobeson 
260 |a Temuco  |b Universidad de La Frontera  |c 1998 
650 0 |a Historia de América  |9 266076 
650 7 |a DOMINACION ESPAÑOLA  |2 CL-VaPUC  |9 385944 
650 0 |a Pueblos indígenas   |9 357564 
651 0 |a América Latina   |9 255027 
583 |a last modification  |c 20000728 00:00:00  |k Rodrigo Vera 
999 |c 290106  |d 290104 
952 |0 0  |1 0  |4 0  |6 980_004000000000000_PIN_1998  |7 0  |8 A  |9 339320  |a BIBHIS  |b BIBHIS  |d 2019-11-20  |i 1203029  |o 980.004 PIN 1998  |p 1203029  |r 2025-01-20  |w 2019-11-20  |y BK  |k HIS